| 000 | 01482nam0a22003131 4500 | ||
|---|---|---|---|
| 001 | RU\INFOCOMM_318\NLR\5000067870 | ||
| 005 | 20250613103537.0 | ||
| 035 | _a(NLR Aleph) 009473299 | ||
| 090 |
_a8540787 _c8540787 |
||
| 100 | _a20121120d1989 |||y0rusy50 ca | ||
| 101 | 0 | _afre | |
| 102 | _aRU | ||
| 105 | _ay z ||||| | ||
| 200 | 1 |
_aUn regard contemporain sur les événements de 1939 _eMembre du Bureau polit. et secrétaire du C. C. du P. C. U. S. répond aux questions de la "Pravda" _fAlexandre Yakovlev |
|
| 210 |
_aM. _cÉd. de l'Agence de presse "Novosti" _d1989 |
||
| 215 |
_a15 с. _d20 см |
||
| 300 | _aВ вып. дан.: События 1939 года - взгляд с полувековой дистанции: Член Политбюро, секретарь ЦК КПСС отвечает на вопросы "Правды" / Александр Николаевич Яковлев | ||
| 605 | 0 |
_aСоветско-германский пакт о ненападении _z1939 _2nlr_sh1 |
|
| 620 | _aМосква | ||
| 686 |
_aТ3(4Г)63-64(2) _2rubbk |
||
| 686 |
_aТ3(0)621 _2rubbk |
||
| 686 |
_aТ3(2)721-64(4Г) _2rubbk |
||
| 700 | 1 |
_4070 _7ba _8rus _aJakovlev _bA. N. _cд-р ист. наук, полит. деятель _f1923-2005 _gAleksandr Nikolaevič _9255131 _3RU\NLR\AUTH\770255187 |
|
| 790 | 1 |
_9z01700 _aYakovlev _bA. _gAlexandre _4070 |
|
| 801 | 1 |
_aRU _bNLR _c20121120 |
|
| 801 | 0 |
_aRU _bINFOCOMM _gPSBO |
|
| 852 |
_aNLR _jИ25 Д-4/585 |
||
| 942 | _cBOOK | ||
| 980 | _aNB | ||